[Event "Pamplona IRT rap op"]
[Site "Pamplona"]
[Date "2012.11.10"]
[Round "5"]
[White "Ruiz Aguilar, Pablo Alexander"]
[Black "Trujillo, Fernando"]
[Result "1-0"]
[WhiteElo "2266"]
[BlackElo "2026"]
[PlyCount "46"]
[EventDate "2012.11.09"]
[EventType "swiss"]
[EventRounds "11"]
[EventCountry "COL"]
[SourceTitle "CBM 151 Extra"]
[Source "ChessBase"]
[SourceDate "2012.12.18"]
[SourceVersion "1"]
[SourceVersionDate "2012.12.18"]
[SourceQuality "1"]

1. e4 c5 2. Nf3 e6 3. d4 cxd4 4. Nxd4 Nc6 5. Nc3 Qc7 6. Ndb5 Qb8 7. Be3 Nf6 8. f4 d6 9. Be2 Be7 10. a4 a6 11. Na3 0-0 12. Nc4 Nd7 13. Qd2 b5 14. axb5 axb5 15. Rxa8 Qxa8 16. Nxb5 d5 17. exd5 exd5 18. Nca3 d4 19. Nxd4 Nxd4 20. Bxd4 Qxg2 21. Rg1 Qxg1+ 22. Bxg1 Re8 23. Nb5 Bh4+ 1-0

[Event "Pamplona IRT rap op"]
[Site "Pamplona"]
[Date "2012.11.09"]
[Round "1"]
[White "Torres, Juan Camilo"]
[Black "Trujillo, Fernando"]
[Result "1/2-1/2"]
[WhiteElo "2324"]
[BlackElo "2026"]
[PlyCount "158"]
[EventDate "2012.11.09"]
[EventType "swiss"]
[EventRounds "11"]
[EventCountry "COL"]
[SourceTitle "CBM 151 Extra"]
[Source "ChessBase"]
[SourceDate "2012.12.18"]
[SourceVersion "1"]
[SourceVersionDate "2012.12.18"]
[SourceQuality "1"]

1. d4 Nf6 2. Nf3 d6 3. c4 Bg4 4. Nc3 Nbd7 5. e4 e5 6. d5 Be7 7. Be2 0-0 8. Be3 c6 9. Nd2 Bxe2 10. Qxe2 cxd5 11. cxd5 a6 12. 0-0 Rc8 13. Nb3 Rc7 14. Rac1 Qb8 15. f3 Rfc8 16. Na4 Rxc1 17. Rxc1 Rxc1+ 18. Bxc1 b5 19. Nc3 Bd8 20. Be3 Bb6 21. Qf2 Bxe3 22. Qxe3 Qb6 23. Kf2 Kf8 24. a3 Ke7 25. Na2 Ne8 26. Nb4 Qxe3+ 27. Kxe3 Nc7 28. Na5 Nb6 29. b3 Nd7 30. Nbc6+ Kf8 31. Nb7 Ne8 32. Kd3 g6 33. Kc3 f5 34. Kd3 fxe4+ 35. fxe4 Kf7 36. Ke3 h5 37. Kf3 g5 38. Ke3 Kf6 39. Kd3 g4 40. g3 Kg5 41. Ncd8 h4 42. Nf7+ Kf6 43. Nfxd6 Nxd6 44. Nxd6 hxg3 45. hxg3 Nc5+ 46. Kc3 Ke7 47. Nf5+ Kf6 48. Ne3 Nxe4+ 49. Kb4 Nxg3 50. Nxg4+ Kf5 51. Ne3+ Kf6 52. Ka5 Nf5 53. Ng4+ Ke7 54. Nxe5 Kd6 55. Nd3 Nd4 56. Kxa6 Nxb3 57. Nb4 Kc5 58. Kb7 Na5+ 59. Kc8 Nc4 60. Kc7 Nd6 61. Kd7 Nf5 62. Ke6 Nd4+ 63. Ke5 Nf3+ 64. Ke6 Nd4+ 65. Ke7 Nf5+ 66. Kf6 Nd4 67. Ke5 Nf3+ 68. Ke4 Nd2+ 69. Ke5 Nf3+ 70. Ke6 Nd4+ 71. Ke7 Nf5+ 72. Kd7 Ne3 73. d6 Nc4 74. Na6+ Kb6 75. Nc7 Kc5 76. Ne6+ Kb6 77. Ke7 Nxd6 78. Kxd6 b4 79. axb4 Kb5 1/2-1/2

[Event "Pamplona Sub zt 2.3"]
[Site "Pamplona"]
[Date "2012.11.06"]
[Round "3"]
[White "Ruiz, Alciguel"]
[Black "Trujillo, Fernando"]
[Result "0-1"]
[WhiteElo "2198"]
[BlackElo "2026"]
[PlyCount "110"]
[EventDate "2012.11.05"]
[EventType "swiss"]
[EventRounds "9"]
[EventCountry "COL"]
[SourceTitle "EXT 2013"]
[Source "ChessBase"]
[SourceDate "2012.11.22"]
[SourceVersion "1"]
[SourceVersionDate "2012.11.22"]
[SourceQuality "1"]

1. d4 d5 2. c4 c6 3. Nc3 Nf6 4. Nf3 dxc4 5. a4 Bf5 6. e3 e6 7. Bxc4 Bb4 8. 0-0 Nbd7 9. Qe2 0-0 10. e4 Bg4 11. e5 Nd5 12. Ne4 N7b6 13. Bd3 Ne7 14. Rd1 Nf5 15. Be3 Nd5 16. h3 Bh5 17. g4 Nfxe3 18. fxe3 Bg6 19. Neg5 Be7 20. Ne4 Bxe4 21. Bxe4 Bg5 22. Ra3 Be7 23. Rb3 Rb8 24. Bb1 Qa5 25. Qc4 Nb6 26. Qd3 g6 27. Bc2 Nxa4 28. Ra1 b5 29. Rc3 Rfc8 30. Bxa4 bxa4 31. Ra2 Qb5 32. Nd2 Bb4 33. Ne4 Bxc3 34. Qxc3 Qb3 35. Qxb3 Rxb3 36. Kf2 a3 37. bxa3 Rcb8 38. Kf3 Rb2 39. Ra1 Rb1 40. Rxb1 Rxb1 41. Nc5 Ra1 42. a4 Ra3 43. Kf4 h6 44. h4 Kf8 45. h5 gxh5 46. gxh5 Ke7 47. Kf3 Ra1 48. Kg2 Re1 49. Kf3 Rh1 50. Kg4 Rg1+ 51. Kf4 Rg5 52. Ne4 Rxh5 53. Nd6 Rh1 54. Nc8+ Kd7 55. Nd6 Rg1 0-1

[Event "Pamplona IRT blitz op"]
[Site "Pamplona"]
[Date "2012.11.04"]
[Round "5.16"]
[White "Valderrama Espinosa, Gilberto"]
[Black "Trujillo, Fernando"]
[Result "1-0"]
[WhiteElo "2232"]
[BlackElo "2026"]
[PlyCount "92"]
[EventDate "2012.11.04"]
[EventType "swiss (blitz)"]
[EventRounds "18"]
[EventCountry "COL"]
[SourceTitle "EXT 2024"]
[Source "ChessBase"]
[SourceDate "2023.10.10"]
[SourceVersion "1"]
[SourceVersionDate "2023.10.10"]
[SourceQuality "1"]

1. e4 c5 2. c3 e6 3. d4 cxd4 4. cxd4 d5 5. e5 Nc6 6. Nf3 Nge7 7. Bd3 a6 8. 0-0 Bd7 9. Nc3 Rc8 10. Be3 Ng6 11. Rc1 Be7 12. a3 0-0 13. b4 b5 14. Ne2 Qb6 15. Qb3 a5 16. Bd2 axb4 17. axb4 Rc7 18. Rc2 Rfc8 19. Rfc1 Nb8 20. g3 Rxc2 21. Rxc2 Rxc2 22. Qxc2 Qc6 23. Qb1 Na6 24. h4 Nf8 25. Kg2 Be8 26. Nf4 g6 27. h5 Kg7 28. hxg6 hxg6 29. Nh3 Nd7 30. Nhg5 Nb6 31. Qh1 Bxg5 32. Nxg5 Kf8 33. Nh7+ Ke7 34. Qh4+ Kd7 35. Nf6+ Kc7 36. Qh8 Bd7 37. Qf8 Nc4 38. Be1 Nb2 39. Bxb5 Qxb5 40. Qd6+ Kc8 41. Nxd7 Qxd7 42. Qxa6+ Qb7 43. Qd6 Qc7 44. Qf8+ Kb7 45. b5 Kb6 46. Bb4 Nd3 1-0

[Event "Puerto Boyaca op"]
[Site "Puerto Boyaca"]
[Date "2012.04.30"]
[Round "8"]
[White "Trujillo, Fernando"]
[Black "Rivera, Ingris"]
[Result "0-1"]
[WhiteElo "1900"]
[BlackElo "2169"]
[PlyCount "90"]
[EventDate "2012.04.26"]
[EventType "swiss"]
[EventRounds "10"]
[EventCountry "COL"]
[SourceTitle "CBM 148 Extra"]
[Source "ChessBase"]
[SourceDate "2012.06.22"]
[SourceVersion "1"]
[SourceVersionDate "2012.06.22"]
[SourceQuality "1"]

1. e4 c5 2. Nf3 d6 3. d4 cxd4 4. Nxd4 Nf6 5. Nc3 a6 6. Bd3 e5 7. Nde2 Be6 8. Ng3 Nc6 9. 0-0 Be7 10. a3 h6 11. Kh1 0-0 12. f4 exf4 13. Bxf4 Ne5 14. Be3 d5 15. exd5 Nxd5 16. Nxd5 Bxd5 17. Be4 Bxe4 18. Nxe4 Rc8 19. Bd4 Ng6 20. c3 Qd5 21. Qf3 Rcd8 22. Rae1 f5 23. Ng3 Bh4 24. Qxd5+ Rxd5 25. Re6 Kh7 26. Nh5 Rd7 27. g3 Bd8 28. Kg2 Bc7 29. Nf4 Nxf4+ 30. gxf4 Rff7 31. Kf3 Rde7 32. Rfe1 Bd8 33. Rxe7 Rxe7 34. Rxe7 Bxe7 35. a4 g5 36. h3 Kg6 37. a5 Bd8 38. b4 Bf6 39. Be5 Bxe5 40. fxe5 Kf7 41. c4 Ke6 42. b5 Kxe5 43. c5 axb5 44. c6 Kd6 45. cxb7 Kc7 0-1

[Event "Choco Region-ch"]
[Site "Quibdo"]
[Date "2011.06.12"]
[Round "4.2"]
[White "Trujillo, Fernando"]
[Black "Orejuela, Arcindo"]
[Result "1-0"]
[WhiteElo "1859"]
[BlackElo "2106"]
[PlyCount "103"]
[EventDate "2011.06.10"]
[EventType "swiss"]
[EventRounds "5"]
[EventCountry "COL"]
[SourceTitle "EXT 2024"]
[Source "ChessBase"]
[SourceDate "2023.10.10"]
[SourceVersion "1"]
[SourceVersionDate "2023.10.10"]
[SourceQuality "1"]

1. Nf3 d5 2. d4 Nf6 3. Bg5 Nbd7 4. e3 e6 5. Bd3 Be7 6. 0-0 c5 7. c4 0-0 8. Nc3 cxd4 9. exd4 dxc4 10. Bxc4 a6 11. a3 b5 12. Bd3 Bb7 13. Rc1 Rc8 14. Bb1 Re8 15. Qd3 Nf8 16. Ne5 Ng6 17. Nxg6 hxg6 18. Rfd1 Nd5 19. Bxe7 Qxe7 20. Nxd5 Bxd5 21. Qe3 Qb7 22. f3 Rxc1 23. Rxc1 Rc8 24. Rc5 Rc6 25. Be4 Rd6 26. Qc3 Bxe4 27. Rc8+ Kh7 28. fxe4 g5 29. Qh3+ Kg6 30. Rh8 Rxd4 31. Qh5+ Kf6 32. e5+ Kf5 33. Rf8 Rd7 34. h4 Qb6+ 35. Kh2 Qe3 36. Rxf7+ Rxf7 37. Qxf7+ Kxe5 38. Qxg7+ Kf5 39. Qxg5+ Qxg5 40. hxg5 Kxg5 41. Kg3 Kf5 42. Kf3 Ke5 43. Ke3 Kd5 44. g4 Ke5 45. Kf3 Kd5 46. Kf4 Kd4 47. g5 e5+ 48. Kg3 Kd5 49. Kf3 e4+ 50. Ke3 Ke5 51. g6 Kf6 52. Kxe4 1-0